उस शहर तक / (Record no. 118473)

MARC details
000 -LEADER
fixed length control field 01000nam a22002777a 4500
003 - CONTROL NUMBER IDENTIFIER
control field dpl
005 - DATE AND TIME OF LATEST TRANSACTION
control field 20190612154907.0
008 - FIXED-LENGTH DATA ELEMENTS--GENERAL INFORMATION
fixed length control field 190612b ||||| |||| 00| 0 eng d
010 ## - LIBRARY OF CONGRESS CONTROL NUMBER
LC control number A-920489
020 ## - INTERNATIONAL STANDARD BOOK NUMBER
Terms of availability 75.00
International Standard Book Number 8185478473
035 ## - SYSTEM CONTROL NUMBER
System control number A-920489, A-920490
037 ## - SOURCE OF ACQUISITION
Source of stock number/acquisition Cen Lib/Ret
040 ## - CATALOGING SOURCE
Original cataloging agency DPL
Language of cataloging HN
Transcribing agency 0
082 ## - DEWEY DECIMAL CLASSIFICATION NUMBER
Classification number
Item number तेजिन्द
100 ## - MAIN ENTRY--PERSONAL NAME
Personal name तेजिन्दर
9 (RLIN) 80371
245 ## - TITLE STATEMENT
Title उस शहर तक /
Statement of responsibility, etc तेजिन्दर
246 ## - VARYING FORM OF TITLE
Title proper/short title Us shahar tak /
Remainder of title by Tejinder
260 ## - PUBLICATION, DISTRIBUTION, ETC. (IMPRINT)
Place of publication, distribution, etc नई दिल्ली
Name of publisher, distributor, etc ज्ञान भारती
Date of publication, distribution, etc 1997
270 ## - ADDRESS
Address 4/14 रूप नगर
City नई दिल्ली
Postal code 110007
300 ## - PHYSICAL DESCRIPTION
Extent 107पृ.
Dimensions 17सेमी(सजिल्द)
650 ## - SUBJECT ADDED ENTRY--TOPICAL TERM
Topical term or geographic name as entry element साहित्य--उपन्यास
9 (RLIN) 80372
650 ## - SUBJECT ADDED ENTRY--TOPICAL TERM
Topical term or geographic name as entry element हिंदी उपन्यास
9 (RLIN) 80373
650 ## - SUBJECT ADDED ENTRY--TOPICAL TERM
Topical term or geographic name as entry element Literature--Novel
9 (RLIN) 80374
650 ## - SUBJECT ADDED ENTRY--TOPICAL TERM
Topical term or geographic name as entry element Hindi novel
9 (RLIN) 80375
942 ## - ADDED ENTRY ELEMENTS (KOHA)
Source of classification or shelving scheme Dewey Decimal Classification
Koha item type Hindi Books
Classification part
Call number suffix तेजिन्द
Holdings
Withdrawn status Lost status Damaged status Not for loan Home library Current library Date acquired Source of acquisition Cost, normal purchase price Total Checkouts Full call number Barcode Date last seen Copy number Cost, replacement price Price effective from Koha item type Source of classification or shelving scheme Collection code
        Central Library Central Library 11/09/2015 Cen Lib/Ret 75.00   उ तेजिन्द A-920489 11/09/2015 1 75.00 11/09/2015 Hindi Books    
        Shahdara Branch Shahdara Branch 12/06/2019 BPPD/PUB 75.00   उ तेजिन्द A-920490 12/06/2019   75.00 12/06/2019 Hindi Books Dewey Decimal Classification Fiction

© Delhi Public Library
Hit Counter
free hit counter